| 000 | 00952nam a22002657a 4500 | ||
|---|---|---|---|
| 001 | BR8700740 | ||
| 003 | BR-BrBNA | ||
| 005 | 20230928092348.0 | ||
| 007 | ta | ||
| 008 | 230509b bl.||||| |||| 00| 0 por d | ||
| 040 |
_aBR-BrBNA _bpor _cBiblioteca Nacional de Agricultura |
||
| 041 | _a(Por) | ||
| 072 |
_aE11 _b/G514 |
||
| 090 | _ E11 BR8700740 | ||
| 110 | 1 |
_aSecretaria da Agricultura e Abastecimento, Florianopolis, SC (Brasil). Coordenacao de Legitimacao e Cadastramento de Terras Devolutas _98291 |
|
| 245 | 1 | _aDocumentos de terras devolutas expedidos pela COLECATE [Santa Catarina, Brasil] | |
| 260 | 3 |
_aFlorianopolis, SC (Brasil): _c1985. |
|
| 300 | _a19 p. | ||
| 500 | _a(*) Documento disponível no(a) Associacao de Credito e Assistencia Rural de Santa Catarina, Florianopolis (Brazil) | ||
| 650 | _aTERRA DEVOLUTA | ||
| 650 | _aPOSSE DE TERRA | ||
| 650 | _aSANTA CATARINA | ||
| 909 |
_a202309 _bLucia _c55 _dLucia Elande |
||
| 942 | _cBK | ||
| 999 |
_c38577 _d38577 |
||